00740nam a22002057a 4500003000500000005001700005008004100022010001000063011001000073035001000083040000900093100003100102245015700133260004100290300000900331502009900340650002900439650002900468650003700497CHAP20220329135155.0971013s1983 r 00010 d a32129 a33101 a37216 cCHAP00aMartínez Urbina, Arturo. aSelección individual y ensayo de rendimiento para plantas altas (forraje) y bajas (grano) en mijo perla (Pennisetum glaucum (L.) R. Dr.) Apodaca, N.L. a(Monterrey, N.L.) :bEl autor,c1983 a43 h aTesis (Ing. Agrónomo en Producción) -- ITESM. Div. de Ciencias Agropecuarias y Marítimas14aMijo perla como forraje.14aMijo perlaxRendimiento.14aPlantas forrajerasxRendimiento.